Statistics for Province Quiz - Anhui

Click here to take the quiz!

General Stats

  • This quiz has been taken 5 times
  • The average score is 5 of 14

Answer Stats

QuestionAnswer% Correct
Squishy soy-based food that originated in HuainanTofu
100%
Which city is the capital and largest city?Hefei
80%
Dynasty under which the province was first formedQing
80%
Famous Ang Lee film filmed on location in this provinceCrouching Tiger, Hidden Dragon
60%
One of the eight main Chinese cuisine typesHui
60%
Mountain range that is one of the most famous in ChinaHuangshan
40%
Large city with a reputation as a former oyser wharfBengbu
20%
This critically endangered animal only remains in AnhuiChinese alligator
20%
River that flows through the province and splits it culturallyHuai
20%
Form of opera that originated in AnqingHuangmei
20%
Second-largest city in Anhui that sits on the Yangtze bankWuhu
20%
Name either of two World Heritage-listed ancient villagesXidi and Hongcun
20%
Critically endangered tree of which only 30 remainAnhui elm
0%
Co-founder of the Communist Party of China, born in AnqingChen Duxiu
0%

Score Distribution

Percentile by Number Answered

Percent of People with Each Score

Your Score History

You have not taken this quiz